000 00482nam a2200193 a 4500
001 18068
005 20180713211309.0
008 140415s1970 sp 000 0 spa d
041 _aspa
082 _a523.1
_bDUC
100 1 _aDUCROCQ, ALBERT
245 1 3 _aLA AVENTURA DEL COSMOS
250 _a3a ed.
260 _aESPAÑA :
_bLABOR,
_c1970
300 _a268
490 _aNUEVA COLECION LABOR
_v28
650 1 4 _aCOSMOLOGIA
700 1 _aRIBERA, ANTONIO
_etr.
999 _c18068
_d18068